00504 2200193 4500001002100000005001500021035002000036245005200056100001800108250000600126300001600132260004500148082001000193084001600203020001800219008004100237990001600278990001600294INLIS00000000000002520260411022207 a0010-04260000251 a100 Pesan Bunda Untuk Si Kecil /cLeguty Family0 aLeguty Family a1 a220 :bIlus aTangerang Selatan :bLeguty Media,c2021 a155.4 a155.4 LEG s a9786236214022260411 0  a00000000043 a00000000044